| 000 | 00433 a2200169 4500 | ||
|---|---|---|---|
| 999 |
_c313914 _d313914 |
||
| 001 | 78841 | ||
| 003 | NUST | ||
| 005 | 20180119183924.0 | ||
| 008 | 180119b xxu||||| |||| 00| 0 eng d | ||
| 020 | _a969010019x | ||
| 082 | _a790 SHI | ||
| 100 |
_aShiro Shirahata _99115 |
||
| 245 |
_aThe Karakoram Mountains of Pakistan _bMountains of Pakistan _cShiro Shirahata _hEnglish |
||
| 250 | _a1 | ||
| 260 |
_aLahore _bFerozson _c1990 |
||
| 300 | _a192 | ||
| 500 | _aGeneral Books | ||
| 505 | _aGifted Books | ||
| 942 |
_aCAE NUST _cBK _k790 SHI _2ddc |
||